[Event "Championnat de Paris Open A"]
[Site "Paris"]
[Date "2012.07.10"]
[Round "4.19"]
[White "Come, Alexandre"]
[Black "Durand, Victor"]
[Result "1-0"]
[WhiteElo "2204"]
[BlackElo "2035"]
[PlyCount "67"]
[EventDate "2012.??.??"]

1. e4 e5 2. Nf3 Nc6 3. Bc4 Bc5 4. c3 Nf6 5. b4 Bb6 6. d3 d6 7. O-O O-O 8. a4 a6
9. h3 Ne7 10. Bg5 Ng6 11. Nh4 c6 12. Qf3 Bc7 13. Ba2 Bd7 14. Nd2 Re8 15. Nf5
Be6 16. h4 Nf4 17. Bxf4 Bxf5 18. Bg5 Be6 19. h5 h6 20. Bh4 Qe7 21. Nc4 b5 22.
Ne3 Bd8 23. axb5 axb5 24. Bxe6 Rxa1 25. Bxf7+ Qxf7 26. Rxa1 Qxh5 27. Qxh5 Nxh5
28. Ra8 g5 29. Bg3 {suite illisible} Kf8 30. Nf5 Bc7 31. Ra6 c5 32. Rc6 Bb8 33.
bxc5 dxc5 34. Rxc5 1-0

[Event "Championnat de Paris Open A"]
[Site "Paris"]
[Date "2012.07.10"]
[Round "4.20"]
[White "Hanchour, Baroudi"]
[Black "Ainutdinova, Yekaterina"]
[Result "1-0"]
[WhiteElo "2180"]
[BlackElo "2036"]
[PlyCount "47"]
[EventDate "2012.??.??"]

1. e4 e5 2. Nf3 Nc6 3. Bc4 Nf6 4. d4 exd4 5. e5 d5 6. Bb5 Ne4 7. Nxd4 Bd7 8.
Bxc6 bxc6 9. O-O Bc5 10. f3 Ng5 11. f4 Ne4 12. Be3 O-O 13. Nd2 Nxd2 14. Qxd2 f6
15. Nb3 Bxe3+ 16. Qxe3 Re8 17. Rae1 fxe5 18. fxe5 Qb8 19. Rf2 Qb6 20. Nc5 Be6
21. c3 a5 22. Kh1 a4 23. Ref1 Ra5 24. Nxe6 1-0

[Event "Championnat de Paris Open A"]
[Site "Paris"]
[Date "2012.07.10"]
[Round "4.21"]
[White "Lebrun, Xavier"]
[Black "Hoarau, Adrien"]
[Result "1-0"]
[WhiteElo "2172"]
[BlackElo "2019"]
[PlyCount "85"]
[EventDate "2012.??.??"]

1. e4 e6 2. d4 d5 3. e5 c5 4. c3 Qb6 5. Nf3 Nc6 6. Bd3 cxd4 7. cxd4 Bd7 8. O-O
Nxd4 9. Nxd4 Qxd4 10. Qf3 Qxe5 11. Bf4 Qxb2 12. Nd2 Qf6 13. Qg3 Ne7 14. Nf3 Ng6
15. Bg5 Qc3 16. Bxg6 hxg6 17. Bf4 Bc6 18. Rfe1 Be7 19. Be5 Qa5 20. Bxg7 Rg8 21.
Be5 Qd8 22. Rac1 Bf6 23. Nd4 Bxe5 24. Qxe5 Qd7 25. Re3 Kd8 26. Rec3 Rc8 27. a4
a6 28. a5 Ke7 29. Rf3 Rgf8 30. Qf6+ Ke8 31. Nxe6 Qxe6 32. Re3 Kd7 33. Rxe6 fxe6
34. Qxg6 Rfe8 35. h4 e5 36. h5 d4 37. h6 Rg8 38. Qf7+ Kd6 39. Qf6+ Kd5 40. f4
exf4 41. Rd1 Rce8 42. Rxd4+ Kc5 43. Qd6+ 1-0

[Event "Championnat de Paris Open A"]
[Site "Paris"]
[Date "2012.07.10"]
[Round "4.22"]
[White "Carre, Sylvain"]
[Black "Gretry, Patrice"]
[Result "1-0"]
[WhiteElo "2150"]
[BlackElo "2016"]
[PlyCount "47"]
[EventDate "2012.??.??"]

1. d4 d5 2. c4 c6 3. Nf3 Nf6 4. Nc3 dxc4 5. a4 Bf5 6. Ne5 e6 7. f3 Bb4 8. e4
Bxe4 9. fxe4 Nxe4 10. Bd2 Qh4+ 11. g3 Nxg3 12. hxg3 Qxh1 13. Qg4 g6 14. Qf4 O-O
15. O-O-O Qh5 16. g4 Qh4 17. Bg2 f5 18. Rh1 Qe7 19. Qh6 Qc7 20. Nxg6 Rf6 21.
gxf5 exf5 22. Nd5 cxd5 23. Bxd5+ Rf7 24. Qxh7# 1-0

[Event "Championnat de Paris Open A"]
[Site "Paris"]
[Date "2012.07.10"]
[Round "4.23"]
[White "Masset, Jacques"]
[Black "Gautier, Serge"]
[Result "1/2-1/2"]
[WhiteElo "2031"]
[BlackElo "2134"]
[PlyCount "40"]
[EventDate "2012.??.??"]

1. d4 Nf6 2. c4 e6 3. Nc3 Bb4 4. Qc2 O-O 5. a3 Bxc3+ 6. Qxc3 d5 7. Nf3 dxc4 8.
Qxc4 b6 9. Bg5 Ba6 10. Bxf6 Qxf6 11. Qxc7 Rc8 12. Qe5 Qg6 13. e4 Nd7 14. Qf4
Bxf1 15. Kxf1 Nf6 16. Re1 Rc2 17. Ne5 Qh6 18. Qxh6 gxh6 19. Re2 Rc1+ 20. Re1
Rc2 {=} 1/2-1/2

[Event "Championnat de Paris Open A"]
[Site "Paris"]
[Date "2012.07.10"]
[Round "4.24"]
[White "Daubas, Christophe"]
[Black "Leclercq, Benoit"]
[Result "0-1"]
[WhiteElo "2023"]
[BlackElo "2123"]
[PlyCount "70"]
[EventDate "2012.??.??"]

1. d4 Nf6 2. c4 g6 3. Nc3 d5 4. Nf3 Bg7 5. g3 O-O 6. Bg2 c6 7. O-O dxc4 8. Qc2
Nbd7 9. Rd1 Nb6 10. e4 Bg4 11. h3 Bxf3 12. Bxf3 Qd7 13. Bg2 Rad8 14. Be3 Qc7
15. Bf4 Qc8 16. Rac1 Nh5 17. Be3 f5 18. exf5 gxf5 19. d5 f4 20. Bxb6 axb6 21.
Bf3 Qxh3 22. Bxh5 fxg3 23. fxg3 Qxh5 24. Qe4 Rf3 25. Kg2 Rdf8 26. Rh1 Rf2+ 27.
Kg1 Qg6 28. Qxg6 hxg6 29. Rh2 Bd4 30. Rxf2 Rxf2 31. Kh1 Rxb2 32. dxc6 bxc6 33.
Ne4 b5 34. a4 Ra2 35. axb5 cxb5 0-1

[Event "Championnat de Paris Open A"]
[Site "Paris"]
[Date "2012.07.10"]
[Round "4.25"]
[White "Baudon, Sebastien"]
[Black "Guiot, Jerome"]
[Result "0-1"]
[WhiteElo "1993"]
[BlackElo "2110"]
[PlyCount "86"]
[EventDate "2012.??.??"]

1. g3 g6 2. Bg2 Bg7 3. c4 c5 4. f4 Nc6 5. Nf3 Nf6 6. Nc3 O-O 7. e4 d6 8. O-O
Bd7 9. Kh1 Qc8 10. d3 a6 11. Qe2 Bg4 12. Qf2 Rb8 13. Be3 Bh3 14. Qg1 Nb4 15.
Rad1 Nc2 16. Bc1 b5 17. Rd2 Bxg2+ 18. Kxg2 Nb4 19. Re1 Nd7 20. e5 dxe5 21. fxe5
Bh6 22. Qf2 Bxd2 23. Qxd2 Qb7 24. a3 Nc6 25. Nd5 Ndxe5 26. Qe3 Nxf3 27. Qxf3
bxc4 28. dxc4 Qb3 29. Qe4 Rbd8 30. Re2 Rd6 31. Nxe7+ Nxe7 32. Qxe7 Qb8 33. Bf4
Qa8+ 34. Kh3 Qc8+ 35. g4 Re6 36. Rxe6 Qxe6 37. Qxc5 Rc8 38. Qe5 Rxc4 39. Qb8+
Kg7 40. Bh6+ Kxh6 41. Qf8+ Kg5 42. Qd8+ Kf4 43. Qb8+ Qe5 0-1

[Event "Championnat de Paris Open A"]
[Site "Paris"]
[Date "2012.07.10"]
[Round "4.26"]
[White "Herve, Pierre"]
[Black "Zeller, Olivier"]
[Result "0-1"]
[WhiteElo "2109"]
[BlackElo "2013"]
[PlyCount "40"]
[EventDate "2012.??.??"]

1. e4 e5 2. Nf3 Nc6 3. Bc4 Nf6 4. Nc3 Nxe4 5. O-O Nxc3 6. dxc3 Be7 7. Qd5 O-O
8. Nxe5 Nxe5 9. Qxe5 Bf6 10. Qg3 d6 11. Qf3 Be5 12. Re1 Qh4 13. Rxe5 dxe5 14.
b3 Qg4 15. Qe3 Qd1+ 16. Bf1 Bf5 17. Qxe5 Qxc2 18. Be3 Rfe8 19. Qxc7 Rad8 20.
Bd4 Rxd4 0-1

[Event "Championnat de Paris Open A"]
[Site "Paris"]
[Date "2012.07.10"]
[Round "4.27"]
[White "Szylar, Eric"]
[Black "Gros, Alexandre"]
[Result "0-1"]
[WhiteElo "2105"]
[BlackElo "1988"]
[PlyCount "78"]
[EventDate "2012.??.??"]

1. e4 c5 2. Nf3 Nc6 3. d4 cxd4 4. Nxd4 g6 5. c4 Nf6 6. Nc3 d6 7. f3 Nxd4 8.
Qxd4 Bg7 9. Be3 O-O 10. Be2 Ng4 11. Qd2 Nxe3 12. Qxe3 Be6 13. O-O Qb6 14. Qxb6
axb6 15. Rfb1 Rfc8 16. Nd5 Bxd5 17. cxd5 Rc2 18. Bd3 Rd2 19. Rd1 Rxb2 20. Bc4
b5 21. Bf1 b4 22. Bc4 b5 23. Bxb5 Raxa2 24. Rxa2 Rxa2 25. Kf1 Bc3 26. h3 Kg7
27. Bc4 Rc2 28. Bd3 Rb2 29. Rc1 g5 30. Rc2 Kf6 31. Rxb2 Bxb2 32. Ke2 Ke5 33.
Bb5 Kd4 34. Kd2 Bc3+ 35. Ke2 b3 36. Bd3 Bb4 37. Bb1 Kc3 38. Bd3 Kb2 39. Bc4 Kc2
0-1

[Event "Championnat de Paris Open A"]
[Site "Paris"]
[Date "2012.07.10"]
[Round "4.28"]
[White "Gailliegue, Florian"]
[Black "Bilquez, Romain"]
[Result "1/2-1/2"]
[WhiteElo "1984"]
[BlackElo "2092"]
[PlyCount "62"]
[EventDate "2012.??.??"]

1. d4 Nf6 2. c4 g6 3. Nc3 d5 4. cxd5 Nxd5 5. e4 Nxc3 6. bxc3 Bg7 7. Bc4 c5 8.
Ne2 Nc6 9. Be3 O-O 10. O-O Bg4 11. f3 Na5 12. Bxf7+ Rxf7 13. fxg4 Rxf1+ 14.
Kxf1 Qd6 15. Kg1 Rd8 16. Bf2 Qe6 17. Ng3 Qc4 18. Rc1 Nc6 19. d5 e6 20. Qb3 Qxb3
21. axb3 exd5 22. Bxc5 b6 23. exd5 Rxd5 24. Bf2 Rd2 25. Ne4 Rb2 26. b4 Ne5 27.
Bg3 Nxg4 28. Re1 Rc2 29. h3 Bxc3 30. Nxc3 Rxc3 31. Bb8 Ne3 {=} 1/2-1/2

[Event "Championnat de Paris Open A"]
[Site "Paris"]
[Date "2012.07.10"]
[Round "4.29"]
[White "Jego, Eric"]
[Black "Bouton, Christophe"]
[Result "0-1"]
[WhiteElo "1951"]
[BlackElo "2092"]
[PlyCount "56"]
[EventDate "2012.??.??"]

1. d4 Nf6 2. Nc3 d5 3. e4 Nxe4 4. Nxe4 dxe4 5. Bc4 Bf5 6. g4 Bg6 7. Ne2 e5 8.
h4 h5 9. Be3 Nd7 10. Ng3 Nf6 11. g5 Ng4 12. Qe2 Bb4+ 13. c3 Bd6 14. O-O-O Qe7
15. Bd5 exd4 16. Rxd4 O-O 17. Bxe4 Bxg3 18. fxg3 Nxe3 19. Bxg6 fxg6 20. Re1
Rae8 21. Qd3 Kh7 22. g4 c5 23. Ra4 b5 24. Qxb5 Rf2 25. Qd3 Qb7 26. b3 c4 27.
Qb1 Qg2 28. Qa1 Rf1 0-1

[Event "Championnat de Paris Open A"]
[Site "Paris"]
[Date "2012.07.10"]
[Round "4.30"]
[White "Santos Filho, Tadeu Sousa"]
[Black "Raimbault, Pierre"]
[Result "1-0"]
[WhiteElo "2090"]
[BlackElo "1944"]
[PlyCount "73"]
[EventDate "2012.??.??"]

1. e4 c5 2. Nc3 Nc6 3. Bb5 Nd4 4. Bc4 e6 5. Nge2 Nf6 6. d3 d5 7. exd5 exd5 8.
Bb3 Nxb3 9. axb3 Be7 10. h3 O-O 11. Ng3 Re8 12. O-O Bd7 13. Bf4 Bc6 14. Re1 Qd7
15. Be5 d4 16. Nce4 Nd5 17. Qg4 Qxg4 18. hxg4 Nb4 19. Re2 a6 20. Nf5 Bf8 21.
Nh6+ Kh8 22. Nxf7+ Kg8 23. Ned6 Re7 24. f4 Rxf7 25. Nxf7 Kxf7 26. Rae1 Nd5 27.
Kf2 Ne3 28. Kg3 Be7 29. f5 h5 30. Bf4 h4+ 31. Kh3 Nd5 32. Bc1 Bd6 33. Rf1 Bg3
34. g5 Bd7 35. g6+ Kf6 36. Kg4 Re8 37. Bg5# 1-0

[Event "Championnat de Paris Open A"]
[Site "Paris"]
[Date "2012.07.10"]
[Round "4.31"]
[White "Swerdlin, Ryan"]
[Black "Ben Khelifa, Noomene"]
[Result "0-1"]
[WhiteElo "1943"]
[BlackElo "2081"]
[PlyCount "80"]
[EventDate "2012.??.??"]

1. d4 Nf6 2. c4 e6 3. Nf3 c5 4. e3 d5 5. Nc3 Nc6 6. Be2 Bd6 7. O-O a6 8. b3 O-O
9. Bb2 cxd4 10. exd4 Ne4 11. Nxe4 dxe4 12. Nd2 f5 13. g3 Kh8 14. d5 Ne7 15.
dxe6 Bxe6 16. Qc2 Qc7 17. Rac1 Rac8 18. Rfd1 e3 19. fxe3 Bxg3 20. Nf3 Bd6 21.
Qc3 Rf6 22. Qd3 Rg6+ 23. Kh1 Bxh2 24. Nxh2 Rh6 25. Bxg7+ Kxg7 26. Qd4+ Kf7 27.
Qf4 Qxf4 28. exf4 Rh4 29. Bf3 Rc7 30. Rd4 Ng6 31. Rf1 b5 32. Be2 Ne5 33. cxb5
Rc2 34. Re1 Ng4 35. bxa6 Rxh2+ 36. Kg1 Rcxe2 37. Rxe2 Rxe2 38. a4 Bxb3 39. a7
Re8 40. Rb4 Bd5 0-1

[Event "Championnat de Paris Open A"]
[Site "Paris"]
[Date "2012.07.10"]
[Round "4.32"]
[White "Fageot, Julien"]
[Black "Maillot, Gregory"]
[Result "1-0"]
[WhiteElo "2069"]
[BlackElo "1912"]
[PlyCount "173"]
[EventDate "2012.??.??"]

1. d4 Nf6 2. Nf3 e6 3. Bf4 b6 4. e3 Bb7 5. Bd3 Bb4+ 6. c3 Be7 7. h3 c5 8. O-O
O-O 9. Nbd2 d6 10. Qe2 Nc6 11. a4 Rc8 12. Nc4 cxd4 13. exd4 Qc7 14. Ng5 Qd7 15.
Rfe1 g6 16. Rad1 Nd8 17. a5 b5 18. Nd2 a6 19. Nge4 Nc6 20. Nxf6+ Bxf6 21. Ne4
Be7 22. Bh6 Rfe8 23. b4 Nb8 24. Rc1 Rc7 25. Ng3 Qd8 26. Be4 Bxe4 27. Nxe4 Nd7
28. Bf4 Nf6 29. Ng3 Nd5 30. Bd2 Bg5 31. Bxg5 Qxg5 32. Ne4 Qe7 33. c4 bxc4 34.
Rxc4 Rb8 35. Rxc7 Nxc7 36. Rb1 Nb5 37. Qd3 Rc8 38. Rb3 Rc1+ 39. Kh2 Qc7 40.
Nf6+ Kh8 41. Qe3 d5+ 42. g3 Qc2 43. Ng4 Kg8 44. Rd3 Qb1 45. Qf3 Rh1+ 46. Qxh1
Qxd3 47. Qc1 Qxd4 48. Qc8+ Kg7 49. Qxa6 Qxb4 50. Qb6 Qa4 51. Qe3 Qd4 52. Qxd4+
Nxd4 53. a6 Nb5 54. f4 Kf8 55. Kg2 Ke7 56. Kf3 Na7 57. Ke3 Kd6 58. Ne5 f6 59.
Ng4 f5 60. Ne5 Kc5 61. Nd7+ Kc4 62. Nf8 d4+ 63. Kd2 Kd5 64. Nxh7 e5 65. fxe5
Kxe5 66. Nf8 Kf6 67. Kd3 Nc6 68. Kc4 d3 69. Kc3 Ke5 70. Nxg6+ Ke4 71. Nf4 Kf3
72. Nxd3 Kxg3 73. Kc4 f4 74. Kd5 Na7 75. Ke4 f3 76. Ke3 Nc6 77. Nf2 Na7 78.
Ne4+ Kg2 79. h4 Nb5 80. h5 Nc3 81. Nxc3 f2 82. a7 f1=Q 83. a8=Q+ Kh2 84. Qf3
Qc1+ 85. Kd3 Qh6 86. Qf2+ Kh3 87. Qe3+ 1-0

[Event "Championnat de Paris Open A"]
[Site "Paris"]
[Date "2012.07.10"]
[Round "4.33"]
[White "Martin, Axel"]
[Black "Caille, Vincent"]
[Result "0-1"]
[WhiteElo "2066"]
[BlackElo "1903"]
[PlyCount "80"]
[EventDate "2012.??.??"]

1. e4 c5 2. Nc3 Nc6 3. Bb5 Nd4 4. Bc4 g6 5. Nf3 Bg7 6. Nxd4 cxd4 7. Qf3 e6 8.
Nb5 d6 9. Qa3 Bf8 10. Nxd4 Bd7 11. Qg3 Qb6 12. Ne2 Nf6 13. d3 Bg7 14. O-O O-O
15. Bb3 a5 16. a4 Kh8 17. Qh4 Ng8 18. Qh3 Rad8 19. Ra2 Qc7 20. Bd2 e5 21. Qe3
f5 22. Nc3 f4 23. Qa7 f3 24. Nd5 Qc6 25. Qxa5 fxg2 26. Re1 Bh3 27. Be3 Bh6 28.
Qd2 Bxe3 29. Qxe3 Qd7 30. Qg3 Nf6 31. Re3 Bg4 32. Qxg2 Nh5 33. Nb6 Qc7 34. a5
Bd1 35. f3 Qc5 36. Nd5 Bxf3 37. Qd2 Nf4 38. d4 Nh3+ 39. Kf1 exd4 40. Rxf3 Rxf3+
0-1

[Event "Championnat de Paris Open A"]
[Site "Paris"]
[Date "2012.07.10"]
[Round "4.34"]
[White "Vicente, Marcel"]
[Black "Comes, Didier"]
[Result "1-0"]
[WhiteElo "2064"]
[BlackElo "1864"]
[PlyCount "53"]
[EventDate "2012.??.??"]

1. c4 Nf6 2. Nc3 e6 3. e4 c5 4. f4 d5 5. e5 Ng8 6. d3 Nc6 7. Nf3 Nge7 8. Bd2
Nf5 9. Be2 Ncd4 10. O-O Nxe2+ 11. Nxe2 Be7 12. Nc3 O-O 13. cxd5 exd5 14. g4 Nd4
15. f5 Nc6 16. Qb3 d4 17. Ne4 Re8 18. Rac1 b6 19. a3 Qc7 20. Bf4 Na5 21. Qxf7+
Kxf7 22. e6+ Kg8 23. Bxc7 Bb7 24. Nfd2 Rac8 25. Bd6 Bf6 26. g5 Bd8 27. f6 1-0

[Event "Championnat de Paris Open A"]
[Site "Paris"]
[Date "2012.07.10"]
[Round "4.35"]
[White "Inouss, Badr"]
[Black "Ferry, Roger"]
[Result "0-1"]
[WhiteElo "1942"]
[BlackElo "2062"]
[PlyCount "70"]
[EventDate "2012.??.??"]

1. d4 d5 2. c4 c6 3. Nc3 Nf6 4. cxd5 cxd5 5. Bf4 Qb6 6. Qd2 e6 7. a3 Bd7 8. e3
Be7 9. Bd3 a6 10. Rc1 Nc6 11. Na4 Qd8 12. Nc5 Bxc5 13. Rxc5 Nh5 14. Bd6 Bc8 15.
Rxc6 bxc6 16. Qb4 Nf6 17. f3 Nd7 18. Qc3 Bb7 19. Ne2 Nb6 20. Bg3 O-O 21. O-O a5
22. b4 axb4 23. axb4 Qe7 24. Rb1 Ra7 25. Qc2 h6 26. Bh7+ Kh8 27. Be5 Nc4 28.
Nf4 Nxe5 29. dxe5 Rfa8 30. Bd3 Ra1 31. Qb2 R1a2 32. Qd4 Bc8 33. Bg6 Qa7 34.
Bxf7 Qxf7 35. Qb6 Bd7 0-1

[Event "Championnat de Paris Open A"]
[Site "Paris"]
[Date "2012.07.10"]
[Round "4.36"]
[White "Hauseux, Philippe"]
[Black "Ducarmon, Renzo"]
[Result "0-1"]
[WhiteElo "1923"]
[BlackElo "2060"]
[PlyCount "80"]
[EventDate "2012.??.??"]

1. e4 c5 2. Nf3 d6 3. d4 cxd4 4. Nxd4 Nf6 5. Nc3 e6 6. Be2 Be7 7. O-O O-O 8.
Be3 Nc6 9. f4 Bd7 10. Bf3 Nxd4 11. Bxd4 Bc6 12. Qe2 a6 13. Qf2 Nd7 14. Rad1 Qc7
15. Be3 b5 16. Ne2 Nc5 17. Bxc5 dxc5 18. e5 Rad8 19. g3 Rd7 20. Rxd7 Qxd7 21.
Bxc6 Qxc6 22. Rd1 b4 23. Qg2 Qa4 24. Nc1 c4 25. h4 Bc5+ 26. Kh2 Be3 27. Qe4
Bxc1 28. Rxc1 Qxa2 29. Qd4 a5 30. Kh3 a4 31. Rf1 a3 32. bxa3 bxa3 33. Qc3 Qb2
34. Qxc4 a2 35. Qa4 Rb8 36. Qa7 Qb1 37. Qa6 h6 38. Kg2 Qxf1+ 39. Qxf1 Rb1 40.
Qd3 a1=Q 0-1

[Event "Championnat de Paris Open A"]
[Site "Paris"]
[Date "2012.07.10"]
[Round "4.37"]
[White "Mehaibia, Azzedine"]
[Black "O'Sullivan, Thomas"]
[Result "1-0"]
[WhiteElo "2053"]
[BlackElo "1843"]
[PlyCount "79"]
[EventDate "2012.??.??"]

1. e4 e6 2. d4 d5 3. Nc3 Nf6 4. Bg5 dxe4 5. Nxe4 Be7 6. Bxf6 gxf6 7. Nf3 b6 8.
Bb5+ c6 9. Bc4 Bb7 10. Qe2 Qc7 11. O-O-O Nd7 12. Rhe1 O-O-O 13. Kb1 Kb8 14. Bb3
Nf8 15. Qe3 Ng6 16. g3 f5 17. Ned2 c5 18. c3 cxd4 19. cxd4 Bb4 20. a3 Ba5 21.
Rc1 Qd7 22. Red1 Bxd2 23. Rxd2 Ka8 24. Ne5 Nxe5 25. Qxe5 Be4+ 26. Ka2 Qd6 27.
Rc8+ Kb7 28. Qxd6 Rxc8 29. Rd1 Rc6 30. Qf4 Rhc8 31. f3 Bc2 32. Bxc2 Rxc2 33.
Rd2 Rc1 34. d5 exd5 35. Qxf5 Re1 36. Qxd5+ Kb8 37. Qxf7 h5 38. Rd7 Rcc1 39.
Rb7+ Kc8 40. Qd7# 1-0

[Event "Championnat de Paris Open A"]
[Site "Paris"]
[Date "2012.07.10"]
[Round "4.38"]
[White "Smati, Reda"]
[Black "Stark, Gabriel"]
[Result "1-0"]
[WhiteElo "2049"]
[BlackElo "1837"]
[PlyCount "65"]
[EventDate "2012.??.??"]

1. e4 e6 2. d4 d5 3. Nc3 Nf6 4. e5 Nfd7 5. Nce2 c5 6. c3 Nc6 7. Nf3 Qb6 8. a3
Be7 9. Nf4 cxd4 10. cxd4 g5 11. Ne2 g4 12. Nfg1 f6 13. Nf4 Nxd4 14. Be3 fxe5
15. Nge2 Bc5 16. Bxd4 Bxd4 17. Nxd4 exf4 18. h3 Qxb2 19. Be2 Nc5 20. hxg4 Bd7
21. a4 O-O-O 22. Rh3 Qb4+ 23. Kf1 Bxa4 24. Nc2 Qe4 25. Rc3 b6 26. f3 Qe5 27.
Qe1 Kb8 28. Rxc5 bxc5 29. Rxa4 Rd7 30. Qa5 Qc7 31. Qc3 Rf8 32. Ra5 c4 33. Qb4+
1-0

[Event "Championnat de Paris Open A"]
[Site "Paris"]
[Date "2012.07.10"]
[Round "4.39"]
[White "Ledoux, Alain"]
[Black "Mirimanian, Haik"]
[Result "0-1"]
[WhiteElo "1910"]
[BlackElo "2048"]
[PlyCount "44"]
[EventDate "2012.??.??"]

1. e4 e6 2. Nf3 d5 3. Nc3 Nf6 4. e5 Nfd7 5. d4 a6 6. Bd3 c5 7. dxc5 Nc6 8. Bf4
Qc7 9. O-O Nxc5 10. Bg3 Be7 11. Re1 h6 12. Nxd5 exd5 13. e6 Qd8 14. exf7+ Kxf7
15. Nh4 Rf8 16. Ng6 Nxd3 17. Qxd3 Re8 18. Nf4 Bf6 19. Qg6+ Kf8 20. Nh5 Ne7 21.
Qh7 Bf5 22. Nxg7 Bxg7 0-1

[Event "Championnat de Paris Open A"]
[Site "Paris"]
[Date "2012.07.10"]
[Round "4.40"]
[White "Aflalo, Sophie"]
[Black "Bacon, Jean-Pierre"]
[Result "1-0"]
[WhiteElo "2046"]
[BlackElo "1816"]
[PlyCount "53"]
[EventDate "2012.??.??"]

1. e4 c6 2. d4 d5 3. exd5 cxd5 4. c4 Nf6 5. Nc3 e6 6. Bg5 Bb4 7. Nf3 Nc6 8. Bd3
h6 9. Bh4 O-O 10. O-O b6 11. a3 Be7 12. Re1 dxc4 13. Bxc4 Nd5 14. Bg3 Bf6 15.
Qd3 Bb7 16. Ne4 Nce7 17. Ba2 Nf5 18. Rac1 Rc8 19. Bb1 Qe7 20. Bd6 Nxd6 21. Nxd6
g6 22. Nxc8 Rxc8 23. Rxc8+ Bxc8 24. Ne5 Bg7 25. Qg3 Qf6 26. Nc6 Bb7 27. Qb8+
1-0

[Event "Championnat de Paris Open A"]
[Site "Paris"]
[Date "2012.07.10"]
[Round "4.41"]
[White "Jaulin, Marc"]
[Black "Pachon, Bernard"]
[Result "1-0"]
[WhiteElo "2046"]
[BlackElo "1814"]
[PlyCount "61"]
[EventDate "2012.??.??"]

1. e4 e5 2. Nf3 d6 3. d4 exd4 4. Nxd4 Nf6 5. Nc3 Be7 6. Be2 O-O 7. O-O a6 8. a4
Nbd7 9. f4 c6 10. Bf3 Nb6 11. Kh1 a5 12. g4 d5 13. e5 Ne8 14. f5 Nc4 15. Re1
Nc7 16. b3 Bb4 17. Qd3 Nb6 18. Rg1 c5 19. Nde2 Bd7 20. Bf4 Bc6 21. Rg3 Qe8 22.
Rh3 d4 23. Ne4 Nbd5 24. Bg3 Ne3 25. c3 c4 26. bxc4 Nxg4 27. Bxg4 dxc3 28. Bf3
Rd8 29. Qe3 c2 30. Nd4 Bxa4 31. Nf6+ 1-0

[Event "Championnat de Paris Open A"]
[Site "Paris"]
[Date "2012.07.10"]
[Round "4.42"]
[White "Besombes, Romain"]
[Black "Guerlach, Frederic"]
[Result "0-1"]
[WhiteElo "1823"]
[BlackElo "2038"]
[PlyCount "120"]
[EventDate "2012.??.??"]

1. d4 d5 2. c4 e6 3. Nc3 c6 4. e3 Nf6 5. Nf3 Nbd7 6. Bd3 dxc4 7. Bxc4 b5 8. Bd3
a6 9. e4 c5 10. e5 cxd4 11. Ne4 Nd5 12. O-O Qc7 13. Re1 Nxe5 14. Nxd4 Bb4 15.
Re2 Nxd3 16. Qxd3 Bb7 17. Bd2 Bxd2 18. Qxd2 O-O 19. Rc1 Qf4 20. g3 Qxd2 21.
Rxd2 Rac8 22. Rdd1 Rxc1 23. Rxc1 Rc8 24. Rxc8+ Bxc8 25. Nc5 Ne7 26. f4 h6 27.
Kf2 g5 28. Kf3 Kg7 29. fxg5 hxg5 30. Ne2 f5 31. Nc3 Kf6 32. Ke3 e5 33. a4 b4
34. Ne2 Nc6 35. Nc1 e4 36. Ne2 Ke5 37. Nb3 a5 38. Nc5 Kd5 39. Nb3 Ba6 40. Nbc1
Bc4 41. h4 gxh4 42. gxh4 Ke5 43. h5 Kf6 44. h6 Kg6 45. Ng3 Bg8 46. Kf4 Ne7 47.
h7 Bxh7 48. Nxf5 Nxf5 49. Kxe4 Bg8 50. Nd3 Kf6 51. Nc5 Nd6+ 52. Kd4 Ke7 53. Nd3
Nb7 54. Nc5 Nxc5 55. Kxc5 b3 56. Kb5 Kd6 57. Kxa5 Kc5 58. Ka6 Bc4+ 59. Ka5 Bd5
60. Ka6 Kc4 0-1

[Event "Championnat de Paris Open A"]
[Site "Paris"]
[Date "2012.07.10"]
[Round "4.43"]
[White "Valenti, Richard"]
[Black "Reubrez, Christophe"]
[Result "1-0"]
[WhiteElo "2149"]
[BlackElo "1815"]
[PlyCount "85"]
[EventDate "2012.??.??"]

1. g3 d5 2. Bg2 Nf6 3. Nf3 g6 4. O-O Bg7 5. d3 O-O 6. Nbd2 Nc6 7. c4 e5 8. cxd5
Nxd5 9. Ne4 Rb8 10. Bg5 Nce7 11. Qc1 c6 12. Qc5 b6 13. Qa3 Qc7 14. Rac1 h6 15.
Bd2 a5 16. Rfd1 Bg4 17. h3 Be6 18. Qd6 Qxd6 19. Nxd6 Rfd8 20. Nc4 f6 21. a3 Bf8
22. e4 Nc7 23. Be3 c5 24. b4 axb4 25. axb4 b5 26. Na5 c4 27. Bc5 Rd7 28. d4
exd4 29. Nxd4 Re8 30. f4 Rc8 31. Nb7 Na6 32. Nd6 Rxc5 33. bxc5 Nxc5 34. Nxe6
Nxe6 35. Nxb5 Rb7 36. Nd6 Rb3 37. Kh2 c3 38. Rd3 Rb6 39. Rcxc3 Nc6 40. Nc4 Ra6
41. Ne3 Bb4 42. Rc4 Nc5 43. Rd6 1-0

[Event "Championnat de Paris Open A"]
[Site "Paris"]
[Date "2012.07.10"]
[Round "4.44"]
[White "Potrel, Manu"]
[Black "Aurel, Luc"]
[Result "0-1"]
[WhiteElo "2001"]
[BlackElo "2175"]
[PlyCount "48"]
[EventDate "2012.??.??"]

1. e4 d6 2. d4 Nf6 3. Nc3 e5 4. Nf3 Nbd7 5. Bc4 Be7 6. O-O c6 7. a4 h6 8. Qe2
Qc7 9. Rd1 g5 10. dxe5 dxe5 11. Bxg5 hxg5 12. Nxg5 Nd5 13. exd5 Bxg5 14. Ne4
cxd5 15. Rxd5 Be7 16. Rad1 Nb6 17. Nd6+ Kf8 18. Rxe5 Nxc4 19. Nxc4 Be6 20. Rh5
Rxh5 21. Qxh5 Bf6 22. Nd6 Qxc2 23. Re1 Qd2 24. Qh6+ Qxh6 0-1

[Event "Championnat de Paris Open A"]
[Site "Paris"]
[Date "2012.07.10"]
[Round "4.45"]
[White "Reilhac, Philippe"]
[Black "Yacob, Francois"]
[Result "0-1"]
[WhiteElo "2004"]
[BlackElo "2145"]
[PlyCount "156"]
[EventDate "2012.??.??"]

1. e4 c5 2. Nf3 Nc6 3. d4 cxd4 4. Nxd4 Nf6 5. Nc3 e5 6. Ndb5 d6 7. Bg5 a6 8.
Bxf6 gxf6 9. Na3 b5 10. Nd5 Bg7 11. c3 f5 12. Bd3 O-O 13. exf5 e4 14. Bxe4 Re8
15. f3 Bxf5 16. O-O Bxe4 17. fxe4 Qh4 18. Rf4 Qh6 19. g3 Re5 20. Rh4 Qg6 21.
Nf4 Qxe4 22. Nc2 Rg5 23. Ng2 Qe6 24. Qd3 Qg6 25. Qxg6 hxg6 26. Re4 d5 27. Re2
d4 28. cxd4 Nxd4 29. Nxd4 Bxd4+ 30. Kh1 Rc8 31. Rd1 Bg7 32. Nf4 Rgc5 33. Nd5
Rc1 34. Rxc1 Rxc1+ 35. Kg2 a5 36. b3 a4 37. bxa4 bxa4 38. a3 Ra1 39. Re3 Bd4
40. Re4 Ra2+ 41. Kh3 Bg1 42. Rxa4 Rxh2+ 43. Kg4 Kg7 44. Nf4 Rc2 45. Ra6 Rc3 46.
Ne2 Rc4+ 47. Kf3 Bc5 48. a4 Rb4 49. Ra8 Rb3+ 50. Kg2 Re3 51. Nf4 Bd6 52. Ra6
Be5 53. Kf2 Ra3 54. Ne2 Kh6 55. Ra8 Bc7 56. Rh8+ Kg5 57. Rg8 Kg4 58. Rf8 f5 59.
Re8 g5 60. a5 Rf3+ 61. Ke1 Bxa5+ 62. Kd1 Rd3+ 63. Kc1 Rd2 64. Re6 Rd5 65. Kc2
Bc7 66. Rg6 Be5 67. Rg8 Rb5 68. Rg6 Rb2+ 69. Kd3 Rb3+ 70. Kc2 Ra3 71. Rg8 Bxg3
72. Rf8 Be5 73. Nc1 f4 74. Nd3 Bd4 75. Rd8 Be3 76. Ne5+ Kg3 77. Rg8 f3 78. Nc4
Bf4 0-1

[Event "Championnat de Paris Open A"]
[Site "Paris"]
[Date "2012.07.10"]
[Round "4.46"]
[White "Lambert, Romain"]
[Black "Hallay, Axel"]
[Result "1-0"]
[WhiteElo "2138"]
[BlackElo "1983"]
[PlyCount "51"]
[EventDate "2012.??.??"]

1. d4 Nf6 2. c4 e6 3. Nc3 Bb4 4. a3 Bxc3+ 5. bxc3 c5 6. e3 O-O 7. Bd3 b6 8. Ne2
Nc6 9. O-O Ba6 10. e4 Ne8 11. Ng3 Na5 12. f4 Bxc4 13. Bxc4 Nxc4 14. f5 cxd4 15.
cxd4 f6 16. Rf4 g5 17. fxg6 hxg6 18. Rg4 g5 19. e5 Ng7 20. h4 Qe8 21. exf6 Rxf6
22. Bxg5 Rf7 23. Bh6 Nd6 24. Nh5 Ndf5 25. Bxg7 Nxg7 26. Rxg7+ 1-0